Classement de la Ligue 1 2022-2023 - Statistiques

Statistiques générales
  • Ce quiz a été pris 282 fois
  • Le résultat moyen est 17 sur 20
Statistiques - réponses
Classement Club % Correct
3 Marseille (73 pts)
100%
1 Paris (85 pts)
100%
2 Lens (84 pts)
98%
7 Lyon (62 pts)
97%
5 Lille (67 pts)
96%
4 Rennes (68 pts)
92%
6 Monaco (65 pts)
91%
16 Nantes (36 pts)
91%
9 Nice (58 pts)
91%
13 Toulouse (48 pts)
89%
14 Brest (44 pts)
86%
15 Strasbourg (40 pts)
85%
17 Auxerre (35 pts)
83%
12 Montpellier (50 pts)
82%
20 Angers (18 pts)
78%
11 Reims (51 pts)
78%
8 Clermont (59 pts)
75%
10 Lorient (55 pts)
73%
19 Troyes (24 pts)
65%
18 Ajaccio (26 pts)
60%
Aucun quiz correspondant
Distribution des résultats
% des personnes avec chaque résultat
Percentile par nombre de réponses
Votre historique - résultats
Vous n’avez pas pris ce quiz